000
00310nam a22001337a 4500
008
181106b xxu||||| |||| 00| 0 eng d
020
_a
0030583268
041
_a
eng
080
_a
510
100
_a
37
101
_a
Mat
245
_a
Mathematics For Elementary School Teacher
_c
Gerber.m
942
_2
udc
_c
BK
999
_c
52014
_d
52014